| 000 | 00856nam0a22002651 4500 | ||
|---|---|---|---|
| 001 | v19\rc\2026952 | ||
| 005 | 20251118181509.1 | ||
| 035 | _a(NLR Aleph) 005107003 | ||
| 090 |
_a7452417 _c7452417 |
||
| 100 | _a20080925d1916 u y0rusy50 ca | ||
| 101 | 0 | _arus | |
| 102 | _aRU | ||
| 105 | _ay z |||a| | ||
| 200 | 1 |
_aПерехваченное письмо Вильгельма султану и ответ султана _e[Стихотворения] |
|
| 210 |
_aХарьков _cтип. "Печатник" _d1916 |
||
| 215 |
_a15 с. _d24 |
||
| 702 | 0 |
_aВильгельм _cгерм. имп. и прус. король _dII _f1859-1941 _4570 |
|
| 801 | 0 |
_aRU _bNLR _gpsbo |
|
| 801 | 0 |
_aRU _bRuMoRGB _2psbo |
|
| 801 | 1 |
_aRU _bProSoft-M _2rusmarc |
|
| 852 |
_aNLR _j37.63.4.326 |
||
| 899 |
_aRuMoRGB _jU 177/1616 |
||
| 899 | _aБАН | ||
| 942 | _cBOOK | ||
| 980 | _aNB | ||